| 000 | 00355 a2200157 4500 | ||
|---|---|---|---|
| 001 | 47211 | ||
| 020 | _a9788578480264 (broch.) | ||
| 040 | _cAnchieta - Aquarius | ||
| 100 | _aLenz, Patrick | ||
| 240 | 1 | 0 |
_aTom e o pássaro _lpor |
| 245 | 1 | 0 | _aTom e o pássaro |
| 300 | _a27p. | ||
| 362 | 0 | _a2009 | |
| 650 | 4 | _aLiteratura infanto-juvenil | |
| 942 | _cBK | ||
| 999 |
_c47211 _d47211 |
||